| 000 | 01953nam a2200469 a 4500 | ||
|---|---|---|---|
| 001 | 20108 | ||
| 003 | VRT | ||
| 005 | 20260116133538.0 | ||
| 008 | 251113s2002 xo ab r yy 0 slo | ||
| 015 | _aSNBE2003/01-00178 | ||
| 020 | _a8088975476 | ||
| 035 | _aSNK000400578 | ||
| 039 | 9 |
_a202511131525 _bVLOAD _c202406180814 _dmsnk180 _c202204261355 _dAUTHORITY _c202204261157 _dAUTHORITY |
|
| 040 |
_aSNK _bslo _cSNK _eAACR2 |
||
| 041 | 0 | _aslo | |
| 044 |
_axo _cSK |
||
| 080 |
_a908(437.6-13):796.51(234.372.3)(083.132) _22. stred. slo |
||
| 080 |
_a796.51 _22. stred. slo |
||
| 100 | 1 |
_aLacika, Ján, _d1956- _4fot |
|
| 245 | 1 |
_aOkolie Bratislavy _bMalé Karpaty : 50 peších turistických trás _cJán Lacika ; zostavil: Daniel Kollár ; fotografie: Ján Lacika, Miroslav Eliáš ; obálka: Ján Hladík |
|
| 260 |
_aBratislava _bDajama _c2002 |
||
| 300 |
_a175 s. _bfotogr., mp., pl., rekl. _c16 cm |
||
| 490 | 1 |
_aS batohom po Slovensku _v7 |
|
| 500 | _aText čiast. angl., nem. a pol. | ||
| 500 | _aObsahuje reg. | ||
| 500 | _aVýrezy máp: Vojenský kartografický ústav, Harmanec | ||
| 651 | 7 |
_aBratislavsky kraj (Slovensko) _2SNK |
|
| 651 | 7 |
_aMalé Karpaty (Slovensko : pohorie) _2SNK |
|
| 655 | 7 |
_ainformačné publikácie _2SNK |
|
| 655 | 7 |
_aturistickí sprievodcovia (publikácie) _2SNKPH |
|
| 700 | 1 |
_aKollár, Daniel, _d1963- _4com |
|
| 700 | 1 |
_aEliáš, Miroslav, _d1982- _4fot |
|
| 700 | 1 |
_aHladík, Ján, _d1959- _4bjd |
|
| 710 | 0 |
_aVojenský kartografický ústav (Harmanec, Slovensko) _4aut |
|
| 830 | 0 | _aS batohom po Slovensku | |
| 942 |
_2ddc _cOLDO _n0 |
||
| 949 |
_617A0365619 _9P60, <03>, [BOOK], {603} _asnkSD 72529 _bsnkKSP 14636/2002 |
||
| 949 |
_617A0365620 _9P60, <04>, [BOOK], {604} _asnkSD 72529 D1 _bsnkKSP 14637/2002 |
||
| 949 |
_617A0399550 _9 snkSLO/7 796.51(437.6) _asnkSD 72529 D2 _bsnkK 448/2003 |
||
| 949 |
_6270001000340014 _asvkbbA 126144 _bsvkbbm 704142 |
||
| 999 |
_c20108 _d20108 |
||